[Event "H14"]
[Site "Kouty nad Desnou"]
[Date "2018.03.18"]
[Round "9.1"]
[White "Frank, Adam"]
[Black "Kusa, Jakub"]
[Result "1/2-1/2"]
[BlackElo "1895"]
[WhiteElo "1947"]
[LiveChessVersion "1.4.8"]

1. e4 {[%clk 1:30:58]} e5 {[%clk 1:30:49]} 2. Nf3 {[%clk 1:31:24]} Nc6
{[%clk 1:31:13]} 3. Bb5 {[%clk 1:31:51]} a6 {[%clk 1:31:21]} 4. Ba4
{[%clk 1:32:17]} Nf6 {[%clk 1:31:44]} 5. O-O {[%clk 1:32:44]} Nxe4
{[%clk 1:31:43]} 6. d4 {[%clk 1:33:09]} b5 {[%clk 1:31:59]} 7. Bb3
{[%clk 1:33:24]} d5 {[%clk 1:32:21]} 8. dxe5 {[%clk 1:33:35]} Be6
{[%clk 1:32:40]} 9. Be3 {[%clk 1:33:47]} Bc5 {[%clk 1:32:12]} 10. Bxc5
{[%clk 1:32:49]} Nxc5 {[%clk 1:32:09]} 11. Nc3 {[%clk 1:32:05]} Nxb3
{[%clk 1:30:55]} 12. cxb3 {[%clk 1:32:24]} O-O {[%clk 1:29:27]} 13. Rc1
{[%clk 1:30:33]} Qd7 {[%clk 1:20:48]} 14. Re1 {[%clk 1:18:17]} Rac8
{[%clk 1:15:37]} 15. Ne2 {[%clk 1:10:29]} Bg4 {[%clk 1:11:49]} 16. Nf4
{[%clk 1:09:07]} Rfe8 {[%clk 1:03:37]} 17. Qxd5 {[%clk 1:02:05]} Qxd5
{[%clk 1:03:23]} 18. Nxd5 {[%clk 1:02:31]} Bxf3 {[%clk 1:03:06]} 19. gxf3
{[%clk 1:02:51]} Nxe5 {[%clk 1:01:02]} 20. Kg2 {[%clk 1:00:53]} c5
{[%clk 0:47:52]} 21. f4 {[%clk 0:57:41]} Nd3 {[%clk 0:45:35]} 22. Rxe8+
{[%clk 0:58:04]} Rxe8 {[%clk 0:46:04]} 23. Rc3 {[%clk 0:51:18]} Nb4
{[%clk 0:34:31]} 24. Rxc5 {[%clk 0:37:31]} Nxa2 {[%clk 0:33:49]} 25. Rc6
{[%clk 0:35:16]} h6 {[%clk 0:33:02]} 26. Rxa6 {[%clk 0:35:19]} Nc1
{[%clk 0:33:13]} 27. Rb6 {[%clk 0:33:17]} Re2 {[%clk 0:32:27]} 28. Rxb5
{[%clk 0:32:18]} Rxb2 {[%clk 0:32:26]} 29. b4 {[%clk 0:32:08]} Nd3
{[%clk 0:31:42]} 30. Rb8+ {[%clk 0:31:06]} Kh7 {[%clk 0:31:41]} 31. b5
{[%clk 0:31:25]} Rxf2+ {[%clk 0:31:22]} 32. Kg3 {[%clk 0:31:42]} Rb2
{[%clk 0:30:48]} 33. Nc7 {[%clk 0:19:07]} Nc5 {[%clk 0:29:33]} 34. Ne8
{[%clk 0:10:26]} Ne4+ {[%clk 0:25:54]} 35. Kf3 {[%clk 0:08:25]} Nc3
{[%clk 0:24:39]} 36. b6 {[%clk 0:06:51]} Na4 {[%clk 0:24:40]} 37. b7
{[%clk 0:07:17]} Nc5 {[%clk 0:23:47]} 38. Nd6 {[%clk 0:06:22]} Rb6
{[%clk 0:23:00]} 39. f5 {[%clk 0:04:19]} g6 {[%clk 0:21:44]} 40. fxg6+
{[%clk 0:04:19]} fxg6 {[%clk 0:21:59]} 41. Rd8 {[%clk 0:03:58]} Rb3+
{[%clk 0:21:22]} 42. Ke2 {[%clk 0:03:52]} Rb2+ {[%clk 0:21:46]} 43. Ke3
{[%clk 0:04:05]} Nxb7 {[%clk 0:21:30]} 44. Rd7+ {[%clk 0:04:30]} Kg8
{[%clk 0:21:23]} 45. Rxb7 {[%clk 0:04:52]} Rxh2 {[%clk 0:21:24]} 46. Kf4
{[%clk 0:00:55]} Rf2+ {[%clk 0:21:34]} 47. Ke5 {[%clk 0:01:08]} h5
{[%clk 0:19:45]} 48. Ne4 {[%clk 0:29:51]} Rf7 {[%clk 0:48:21]} 49. Rxf7
{[%clk 0:24:52]} Kxf7 {[%clk 0:48:44]} 1/2-1/2

[Event "H14"]
[Site "Kouty nad Desnou"]
[Date "2018.03.18"]
[Round "9.2"]
[White "Mica, Marek"]
[Black "Vojta, Jakub"]
[Result "1/2-1/2"]
[BlackElo "2017"]
[WhiteElo "1957"]
[LiveChessVersion "1.4.8"]

1. d4 {[%clk 1:30:57]} d5 {[%clk 1:30:56]} 2. c4 {[%clk 1:31:21]} dxc4
{[%clk 1:31:23]} 3. e4 {[%clk 1:31:39]} e5 {[%clk 1:31:49]} 4. Nf3
{[%clk 1:31:37]} exd4 {[%clk 1:32:08]} 5. Bxc4 {[%clk 1:31:54]} Bb4+
{[%clk 1:20:47]} 6. Bd2 {[%clk 1:28:34]} Bxd2+ {[%clk 1:19:23]} 7. Qxd2
{[%clk 1:28:40]} Nc6 {[%clk 1:18:24]} 8. O-O {[%clk 1:26:52]} Be6
{[%clk 1:14:08]} 9. Bb5 {[%clk 1:24:57]} Bd7 {[%clk 1:08:00]} 10. Bxc6
{[%clk 1:23:32]} Bxc6 {[%clk 1:08:11]} 11. Nxd4 {[%clk 1:23:48]} Ne7
{[%clk 1:07:54]} 12. Nc3 {[%clk 1:23:10]} Qd6 {[%clk 1:05:03]} 13. Rad1
{[%clk 1:21:54]} O-O-O {[%clk 1:02:03]} 14. Qe3 {[%clk 1:18:25]} Qe5
{[%clk 0:55:05]} 15. Nxc6 {[%clk 1:15:17]} Nxc6 {[%clk 0:55:20]} 16. f4
{[%clk 1:15:13]} Qh5 {[%clk 0:52:28]} 17. Nd5 {[%clk 1:15:13]} Rhe8
{[%clk 0:52:06]} 18. Qc5 {[%clk 1:13:26]} Qe2 {[%clk 0:48:07]} 19. e5
{[%clk 1:06:48]} Rd7 {[%clk 0:38:22]} 20. Nc3 {[%clk 0:35:36]} Qxb2
{[%clk 0:34:14]} 21. Rxd7 {[%clk 0:35:54]} Kxd7 {[%clk 0:34:29]} 22. Qd5+
{[%clk 0:36:04]} Ke7 {[%clk 0:33:19]} 23. Qc5+ {[%clk 0:22:00]} Kd7
{[%clk 0:32:51]} 24. Qd5+ {[%clk 0:20:25]} Ke7 {[%clk 0:33:18]} 25. Qc5+
{[%clk 0:07:54]} Kd7 {[%clk 0:33:45]} 1/2-1/2

[Event "H14"]
[Site "Kouty nad Desnou"]
[Date "2018.03.18"]
[Round "9.3"]
[White "Barak, David"]
[Black "Mach, Petr"]
[Result "1-0"]
[BlackElo "1845"]
[WhiteElo "1847"]
[LiveChessVersion "1.4.8"]

1. d4 Nf6 2. c4 g6 3. Nc3 Bg7 4. e4 d6 5. Nf3 O-O 6. Be2 e5 7. d5 a5 8. Bg5 h6 9.
Bh4 Na6 10. Nd2 Qe8 11. O-O Nh7 12. Kh1 h5 13. f3 Bh6 14. b3 Be3 15. Bf2 Bxf2 16.
Rxf2 f5 17. exf5 gxf5 18. f4 Nf6 19. h3 Nc5 20. a3 exf4 21. Rxf4 Qe5 22. Rf3 Bd7
23. Rc1 Rae8 24. b4 axb4 25. axb4 Nce4 26. Ndxe4 Nxe4 27. Nxe4 fxe4 28. Re3 h4
29. Bg4 Qg7 30. Bxd7 Qxd7 31. Qh5 Qh7 32. Qg4+ Kh8 33. Rce1 Rg8 34. Qe2 Rgf8 35.
Rxe4 Rxe4 36. Qxe4 Rf1+ 37. Kh2 Rxe1 38. Qxe1 Qh6 39. Qe8+ Kg7 40. Qd7+ Kh8 41.
Qd8+ Kg7 42. Qxc7+ Kf8 43. Qc8+ Ke7 44. Qe6+ Qxe6 45. dxe6 Kxe6 46. g4 hxg3+ 47.
Kxg3 Ke5 48. h4 Kd4 49. h5 Kxc4 50. h6 Kxb4 51. h7 b5 52. h8=Q d5 53. Qb2+ Kc4
54. Kf3 b4 55. Ke3 b3 56. Qd4+ 1-0

[Event "H14"]
[Site "Kouty nad Desnou"]
[Date "2018.03.18"]
[Round "9.4"]
[White "Gnojek, Petr"]
[Black "Dudek, Vojtech"]
[Result "1/2-1/2"]
[BlackElo "1880"]
[WhiteElo "2018"]
[LiveChessVersion "1.4.8"]

1. d4 {[%clk 1:30:57]} Nf6 {[%clk 1:30:25]} 2. c4 {[%clk 1:31:18]} c5
{[%clk 1:30:00]} 3. d5 {[%clk 1:31:42]} b5 {[%clk 1:29:34]} 4. cxb5
{[%clk 1:31:57]} a6 {[%clk 1:29:35]} 5. bxa6 {[%clk 1:32:20]} g6 {[%clk 1:29:26]}
6. Nc3 {[%clk 1:32:41]} Bxa6 {[%clk 1:29:29]} 7. e4 {[%clk 1:33:02]} Bxf1
{[%clk 1:26:26]} 8. Kxf1 {[%clk 1:33:23]} d6 {[%clk 1:26:48]} 9. Nf3
{[%clk 1:33:34]} Bg7 {[%clk 1:27:16]} 10. g3 {[%clk 1:33:54]} O-O
{[%clk 1:27:34]} 11. Kg2 {[%clk 1:34:17]} Nbd7 {[%clk 1:27:40]} 12. Qe2
{[%clk 1:34:21]} Qb6 {[%clk 1:22:39]} 13. a4 {[%clk 1:32:19]} Rfb8
{[%clk 1:17:21]} 14. Nb5 {[%clk 1:31:37]} Ne8 {[%clk 1:08:28]} 15. Bg5
{[%clk 1:30:54]} Kf8 {[%clk 1:07:20]} 16. Qc2 {[%clk 1:26:48]} Nc7
{[%clk 1:05:56]} 17. Nxc7 {[%clk 1:26:36]} Qxc7 {[%clk 1:06:23]} 18. Rab1
{[%clk 1:26:59]} Ne5 {[%clk 0:57:09]} 19. Nxe5 {[%clk 1:24:06]} Bxe5
{[%clk 0:57:21]} 20. Bd2 {[%clk 1:24:09]} Qd7 {[%clk 0:50:15]} 21. b3
{[%clk 1:24:17]} Kg8 {[%clk 0:43:36]} 22. Bc3 {[%clk 1:24:06]} Bxc3
{[%clk 0:43:49]} 23. Qxc3 {[%clk 1:24:28]} Rb4 {[%clk 0:43:14]} 24. e5
{[%clk 1:06:22]} Qb7 {[%clk 0:41:00]} 25. Rhd1 {[%clk 1:04:02]} c4
{[%clk 0:34:26]} 26. exd6 {[%clk 0:58:32]} exd6 {[%clk 0:34:40]} 27. Rbc1
{[%clk 0:54:52]} cxb3 {[%clk 0:33:53]} 28. Qc6 {[%clk 0:54:09]} b2
{[%clk 0:30:36]} 29. Rb1 {[%clk 0:54:33]} Raxa4 {[%clk 0:27:52]} 30. Rd2
{[%clk 0:50:35]} Qxc6 {[%clk 0:23:03]} 31. dxc6 {[%clk 0:50:14]} Rc4
{[%clk 0:22:46]} 32. Rxd6 {[%clk 0:50:08]} Rab4 {[%clk 0:22:21]} 33. Rd2
{[%clk 0:50:19]} Rxc6 {[%clk 0:22:44]} 34. Rbxb2 {[%clk 0:50:40]} Rxb2
{[%clk 0:23:11]} 35. Rxb2 {[%clk 0:51:01]} Kg7 {[%clk 0:23:28]} 36. Kf3
{[%clk 0:51:16]} Rc3+ {[%clk 0:23:42]} 37. Ke4 {[%clk 0:51:35]} Ra3
{[%clk 0:24:01]} 38. f4 {[%clk 0:50:30]} Ra4+ {[%clk 0:24:23]} 39. Ke5
{[%clk 0:50:54]} Ra5+ {[%clk 0:24:49]} 40. Ke4 {[%clk 0:50:47]} Ra4+
{[%clk 0:25:17]} 41. Kf3 {[%clk 0:51:11]} h5 {[%clk 0:25:32]} 42. Rd2
{[%clk 0:50:31]} Ra3+ {[%clk 0:25:52]} 43. Ke4 {[%clk 0:50:53]} Ra4+
{[%clk 0:26:14]} 44. Rd4 {[%clk 0:51:11]} Ra2 {[%clk 0:26:17]} 45. h4
{[%clk 0:51:15]} Ra3 {[%clk 0:26:14]} 46. Rd3 {[%clk 0:51:30]} Ra4+
{[%clk 0:24:57]} 47. Kf3 {[%clk 0:51:53]} Ra1 {[%clk 0:25:09]} 48. Rd5
{[%clk 0:51:47]} Ra3+ {[%clk 0:24:57]} 49. Kg2 {[%clk 0:52:10]} f5
{[%clk 0:24:59]} 50. Re5 {[%clk 0:52:34]} 1/2-1/2

[Event "H14"]
[Site "Kouty nad Desnou"]
[Date "2018.03.18"]
[Round "9.5"]
[White "Jares, Michal"]
[Black "Skypala, Ondrej"]
[Result "1/2-1/2"]
[BlackElo "1851"]
[WhiteElo "1780"]
[LiveChessVersion "1.4.8"]

1. d4 {[%clk 1:30:55]} d5 {[%clk 1:30:42]} 2. Nf3 {[%clk 1:31:17]} Nf6
{[%clk 1:31:08]} 3. g3 {[%clk 1:31:37]} e6 {[%clk 1:31:34]} 4. Bg2
{[%clk 1:32:00]} c5 {[%clk 1:32:00]} 5. O-O {[%clk 1:32:18]} Nc6 {[%clk 1:32:28]}
6. Bg5 {[%clk 1:28:08]} h6 {[%clk 1:25:51]} 7. Bxf6 {[%clk 1:27:13]} Qxf6
{[%clk 1:26:08]} 8. e3 {[%clk 1:26:41]} Be7 {[%clk 1:20:52]} 9. c4 dxc4
{[%clk 1:11:16]} 10. Na3 {[%clk 1:23:32]} O-O {[%clk 1:08:59]} 11. Nxc4
{[%clk 1:22:51]} cxd4 {[%clk 1:08:50]} 12. exd4 {[%clk 1:19:35]} Rd8
{[%clk 1:05:47]} 13. Qa4 {[%clk 1:15:00]} Rb8 {[%clk 0:43:48]} 14. Nce5
{[%clk 1:12:34]} b5 {[%clk 0:42:14]} 15. Qc2 {[%clk 1:12:15]} Nb4
{[%clk 0:35:45]} 16. Qe2 {[%clk 1:11:13]} Bb7 {[%clk 0:25:53]} 17. a3
{[%clk 1:05:16]} Nc6 {[%clk 0:26:10]} 18. Rfd1 {[%clk 1:02:06]} Na5
{[%clk 0:22:50]} 19. Rac1 {[%clk 0:54:04]} a6 {[%clk 0:17:22]} 20. Rc7
{[%clk 0:52:20]} Rbc8 {[%clk 0:11:55]} 21. Ng4 {[%clk 0:49:45]} Qf5
{[%clk 0:09:41]} 22. Rxe7 {[%clk 0:49:11]} Qxg4 {[%clk 0:10:05]} 23. Rxf7
{[%clk 0:45:51]} Bd5 {[%clk 0:04:26]} 24. Rf4 {[%clk 0:43:56]} Qh5
{[%clk 0:04:51]} 25. g4 {[%clk 0:41:00]} Qg6 {[%clk 0:04:59]} 26. Ne5
{[%clk 0:39:03]} Rc2 {[%clk 0:03:40]} 27. Nxg6 {[%clk 0:38:01]} Rxe2
{[%clk 0:04:05]} 28. Bxd5 {[%clk 0:38:01]} exd5 {[%clk 0:04:30]} 29. Rc1
{[%clk 0:36:43]} Re4 {[%clk 0:02:58]} 30. Rc7 {[%clk 0:30:37]} Nc4
{[%clk 0:02:30]} 31. Ne7+ {[%clk 0:29:50]} Kh7 {[%clk 0:02:50]} 32. Rxe4
{[%clk 0:30:05]} dxe4 {[%clk 0:03:09]} 33. Nf5 {[%clk 0:30:08]} Kh8
{[%clk 0:02:30]} 34. Ra7 {[%clk 0:28:34]} Nd2 {[%clk 0:01:21]} 35. Rxa6
{[%clk 0:27:53]} Nf3+ {[%clk 0:01:45]} 36. Kg2 {[%clk 0:28:09]} Nxd4
{[%clk 0:02:09]} 37. Nxd4 {[%clk 0:28:11]} Rxd4 {[%clk 0:02:34]} 38. Ra5
{[%clk 0:28:00]} e3 {[%clk 0:02:59]} 39. fxe3 {[%clk 0:28:18]} Rd2+
{[%clk 0:03:25]} 40. Kg3 {[%clk 0:28:38]} Rxb2 {[%clk 0:03:52]} 41. h4
{[%clk 0:28:44]} Kg8 {[%clk 0:03:32]} 42. Kf4 {[%clk 0:28:37]} Kf7
{[%clk 0:28:57]} 43. Ke5 {[%clk 0:58:58]} b4 {[%clk 0:21:56]} 44. axb4
{[%clk 0:59:14]} Rxb4 {[%clk 0:22:21]} 45. Ra7+ {[%clk 0:59:10]} Kf8
{[%clk 0:20:07]} 46. e4 {[%clk 0:59:14]} Rb1 {[%clk 0:16:57]} 47. g5
{[%clk 0:56:24]} hxg5 {[%clk 0:14:37]} 48. hxg5 {[%clk 0:56:41]} Rb5+
{[%clk 0:13:59]} 49. Ke6 {[%clk 0:56:37]} Rb6+ {[%clk 0:14:25]} 50. Kf5
{[%clk 0:56:48]} g6+ {[%clk 0:14:50]} 51. Kf4 {[%clk 0:56:47]} Rb4
{[%clk 0:13:11]} 52. Rd7 {[%clk 0:54:54]} Ra4 {[%clk 0:12:02]} 53. Ke5
{[%clk 0:54:45]} Ke8 {[%clk 0:11:35]} 54. Rd4 {[%clk 0:54:04]} Ra5+
{[%clk 0:10:42]} 55. Rd5 {[%clk 0:54:23]} Ra4 {[%clk 0:11:07]} 56. Rd6
{[%clk 0:53:03]} Kf7 {[%clk 0:11:30]} 57. Rd7+ {[%clk 0:52:42]} Ke8
{[%clk 0:11:55]} 58. Rh7 {[%clk 0:51:40]} Ra6 {[%clk 0:12:03]} 59. Rh4
{[%clk 0:51:48]} Ke7 {[%clk 0:11:17]} 60. Rg4 {[%clk 0:50:07]} Ra5+
{[%clk 0:11:33]} 61. Kf4 {[%clk 0:50:14]} Ke6 {[%clk 0:11:31]} 62. Rg1
{[%clk 0:50:33]} Ra4 {[%clk 0:11:10]} 63. Rb1 {[%clk 0:50:52]} Ke7
{[%clk 0:10:52]} 64. Rb5 {[%clk 0:50:59]} Ke6 {[%clk 0:11:08]} 65. Rb6+
{[%clk 0:50:45]} Kf7 {[%clk 0:11:34]} 66. Rb7+ {[%clk 0:51:08]} Kf8
{[%clk 0:11:23]} 67. Rb5 {[%clk 0:48:42]} Kf7 {[%clk 0:09:08]} 68. Ke5
{[%clk 0:49:00]} Ra1 {[%clk 0:09:21]} 69. Rc5 {[%clk 0:48:34]} Ra8
{[%clk 0:09:04]} 70. Kd6 {[%clk 0:48:01]} Rd8+ {[%clk 0:09:16]} 71. Kc7
{[%clk 0:47:58]} Re8 {[%clk 0:09:35]} 72. e5 {[%clk 0:47:52]} Ke6
{[%clk 0:10:00]} 73. Rb5 {[%clk 0:47:11]} Rg8 {[%clk 0:09:21]} 74. Rb6+
{[%clk 0:45:50]} Kxe5 {[%clk 0:09:42]} 75. Rf6 {[%clk 0:46:12]} Rg7+
{[%clk 0:09:58]} 76. Kd8 {[%clk 0:45:26]} Ra7 {[%clk 0:10:08]} 77. Ke8
{[%clk 0:44:35]} Rb7 {[%clk 0:10:29]} 78. Kf8 {[%clk 0:44:32]} Ra7
{[%clk 0:10:53]} 79. Kg8 {[%clk 0:44:54]} Rb7 {[%clk 0:11:05]} 80. Kh8
{[%clk 0:45:06]} Ra7 {[%clk 0:11:24]} 81. Rxg6 {[%clk 0:45:01]} Kf5
{[%clk 0:11:10]} 82. Rg8 {[%clk 0:44:55]} Ra1 {[%clk 0:07:07]} 83. g6
{[%clk 0:43:34]} Kf6 {[%clk 0:06:40]} 84. Rg7 {[%clk 0:43:02]} Ra2
{[%clk 0:07:06]} 85. Kh7 {[%clk 0:42:33]} Rh2+ {[%clk 0:07:24]} 86. Kg8
{[%clk 0:42:49]} Ra2 {[%clk 0:07:49]} 87. Kh8 {[%clk 0:42:06]} Ra1
{[%clk 0:07:20]} 88. Kh7 {[%clk 0:40:17]} Rh1+ {[%clk 0:07:44]} 89. Kg8
{[%clk 0:40:38]} Ra1 {[%clk 0:08:11]} 90. Kh8 {[%clk 0:40:16]} Ra2
{[%clk 0:08:34]} 91. Kg8 {[%clk 0:37:09]} Ke5 1/2-1/2

[Event "H14"]
[Site "Kouty nad Desnou"]
[Date "2018.03.18"]
[Round "9.6"]
[White "Placer, Sebastian"]
[Black "Neumann, Filip"]
[Result "0-1"]
[BlackElo "1859"]
[WhiteElo "1884"]
[LiveChessVersion "1.4.8"]

1. e4 {[%clk 1:30:58]} e5 {[%clk 1:30:46]} 2. f4 {[%clk 1:31:05]} exf4
{[%clk 1:31:09]} 3. Nf3 {[%clk 1:31:30]} g5 {[%clk 1:31:34]} 4. Bc4
{[%clk 1:31:52]} Nc6 {[%clk 1:21:48]} 5. O-O {[%clk 1:29:46]} d6 {[%clk 1:17:34]}
6. d4 {[%clk 1:25:45]} Bg4 {[%clk 1:09:12]} 7. c3 {[%clk 1:24:57]} Qd7
{[%clk 1:06:14]} 8. Qb3 {[%clk 1:00:05]} O-O-O {[%clk 0:56:03]} 9. Nxg5
{[%clk 0:40:45]} Na5 {[%clk 0:50:48]} 10. Qb5 {[%clk 0:22:29]} Nxc4
{[%clk 0:51:04]} 11. Qxc4 {[%clk 0:22:52]} Bh6 {[%clk 0:45:45]} 12. Nf3
{[%clk 0:21:51]} Nf6 {[%clk 0:40:10]} 13. e5 {[%clk 0:15:01]} Bxf3
{[%clk 0:35:02]} 14. exf6 {[%clk 0:14:02]} d5 {[%clk 0:32:28]} 15. Qc5
{[%clk 0:13:15]} Bxg2 {[%clk 0:27:32]} 16. Kxg2 {[%clk 0:05:18]} Qg4+
{[%clk 0:27:45]} 17. Kf2 {[%clk 0:03:35]} Rde8 {[%clk 0:27:59]} 18. Qe7
{[%clk 0:01:29]} Qh4+ {[%clk 0:27:31]} 19. Ke2 {[%clk 0:01:40]} Qxf6
{[%clk 0:26:47]} 20. Qxe8+ {[%clk 0:02:04]} Rxe8+ {[%clk 0:27:15]} 21. Kd1
{[%clk 0:02:09]} Qe6 {[%clk 0:26:01]} 22. Nd2 {[%clk 0:02:23]} Qe2+ 23. Kc2 f3
{[%clk 0:26:25]} 24. Rh1 {[%clk 0:02:07]} Qg2 {[%clk 0:25:56]} 25. Rd1
{[%clk 0:02:09]} Re2 {[%clk 0:26:11]} 26. a4 {[%clk 0:01:40]} f2 {[%clk 0:26:09]}
27. Kd3 {[%clk 0:00:32]} Rxd2+ {[%clk 0:26:36]} 0-1

[Event "H14"]
[Site "Kouty nad Desnou"]
[Date "2018.03.18"]
[Round "9.7"]
[White "Rokos, Filip"]
[Black "Volak, Simon"]
[Result "1/2-1/2"]
[BlackElo "1744"]
[WhiteElo "1817"]
[LiveChessVersion "1.4.8"]

1. e4 {[%clk 1:30:58]} Nc6 {[%clk 1:30:53]} 2. Nf3 {[%clk 1:29:20]} d6
{[%clk 1:29:24]} 3. d4 {[%clk 1:28:04]} Bg4 {[%clk 1:28:10]} 4. Be3
{[%clk 1:19:58]} Nf6 {[%clk 1:24:50]} 5. Nbd2 {[%clk 1:18:09]} e6
{[%clk 1:19:44]} 6. c3 {[%clk 1:14:47]} Be7 {[%clk 1:15:08]} 7. Bd3
{[%clk 1:14:03]} e5 {[%clk 1:05:44]} 8. Qb3 {[%clk 1:12:12]} Qc8 {[%clk 0:56:00]}
9. h3 {[%clk 1:01:13]} Bxf3 {[%clk 0:45:15]} 10. Nxf3 {[%clk 0:57:54]} O-O
{[%clk 0:43:26]} 11. O-O {[%clk 0:52:38]} a6 {[%clk 0:38:10]} 12. d5
{[%clk 0:50:25]} Nb8 {[%clk 0:36:40]} 13. c4 {[%clk 0:40:56]} Nbd7
{[%clk 0:35:33]} 14. Rac1 {[%clk 0:36:06]} Re8 {[%clk 0:24:42]} 15. Qc3
{[%clk 0:33:20]} b6 {[%clk 0:15:10]} 16. b4 {[%clk 0:31:44]} a5 {[%clk 0:14:20]}
17. a3 {[%clk 0:31:26]} Bf8 {[%clk 0:11:11]} 18. Nd2 {[%clk 0:28:08]} c5
{[%clk 0:06:05]} 19. Nb3 {[%clk 0:17:19]} axb4 {[%clk 0:05:44]} 20. axb4
{[%clk 0:17:44]} Qc7 {[%clk 0:04:59]} 21. b5 {[%clk 0:15:09]} Ra7
{[%clk 0:04:30]} 22. Ra1 {[%clk 0:13:10]} Rea8 {[%clk 0:04:45]} 23. Rxa7
{[%clk 0:12:40]} Rxa7 {[%clk 0:05:03]} 24. Ra1 {[%clk 0:10:58]} Qb8
{[%clk 0:05:12]} 25. g3 {[%clk 0:09:39]} Qa8 {[%clk 0:02:55]} 26. Rxa7
{[%clk 0:10:01]} Qxa7 {[%clk 0:03:21]} 27. Qa1 {[%clk 0:08:49]} Qxa1+
{[%clk 0:03:43]} 28. Nxa1 {[%clk 0:09:14]} g6 {[%clk 0:02:57]} 29. Nb3
{[%clk 0:07:58]} h5 {[%clk 0:02:08]} 30. Kg2 {[%clk 0:08:18]} Kh7
{[%clk 0:02:06]} 31. f4 {[%clk 0:05:23]} Bh6 {[%clk 0:01:45]} 32. Kf3
{[%clk 0:05:44]} Ne8 {[%clk 0:01:12]} 1/2-1/2

[Event "H14"]
[Site "Kouty nad Desnou"]
[Date "2018.03.18"]
[Round "9.8"]
[White "Glozar, Petr"]
[Black "Jun, Rudolf"]
[Result "1-0"]
[BlackElo "2061"]
[WhiteElo "1789"]
[LiveChessVersion "1.4.8"]

1. d4 {[%clk 1:30:58]} Nf6 {[%clk 1:30:40]} 2. c4 {[%clk 1:31:23]} c5
{[%clk 1:30:05]} 3. d5 {[%clk 1:31:47]} e6 {[%clk 1:30:21]} 4. Nc3
{[%clk 1:32:12]} exd5 {[%clk 1:30:38]} 5. cxd5 {[%clk 1:32:37]} d6
{[%clk 1:31:02]} 6. e4 {[%clk 1:32:39]} g6 {[%clk 1:31:13]} 7. h3
{[%clk 1:32:34]} a6 {[%clk 1:31:32]} 8. a4 {[%clk 1:32:58]} Bg7 {[%clk 1:31:56]}
9. Nf3 {[%clk 1:33:21]} Nbd7 {[%clk 1:32:16]} 10. Bd3 {[%clk 1:33:30]} O-O
{[%clk 1:32:15]} 11. O-O {[%clk 1:33:39]} Re8 {[%clk 1:29:04]} 12. Bf4
{[%clk 1:29:44]} Qe7 {[%clk 1:27:32]} 13. Nd2 {[%clk 1:23:10]} Nh5
{[%clk 1:26:36]} 14. Bh2 {[%clk 1:21:23]} Ne5 {[%clk 1:19:09]} 15. Be2
{[%clk 1:12:20]} Qh4 {[%clk 1:15:20]} 16. Bxh5 {[%clk 1:08:01]} gxh5
{[%clk 1:15:42]} 17. Nf3 {[%clk 1:00:43]} Nxf3+ {[%clk 1:14:00]} 18. Qxf3
{[%clk 1:00:49]} Be5 {[%clk 1:14:07]} 19. Bxe5 {[%clk 0:59:49]} Rxe5
{[%clk 1:14:23]} 20. Qg3+ {[%clk 0:57:18]} Qxg3 {[%clk 1:14:04]} 21. fxg3
{[%clk 0:57:43]} Kg7 {[%clk 1:14:08]} 22. Rf4 {[%clk 0:52:27]} f5
{[%clk 1:13:49]} 23. Raf1 {[%clk 0:50:49]} Bd7 {[%clk 1:13:25]} 24. exf5
{[%clk 0:50:21]} Rae8 {[%clk 1:13:33]} 25. f6+ {[%clk 0:49:08]} Kf7
{[%clk 1:13:56]} 26. Kh2 {[%clk 0:41:57]} b5 {[%clk 1:13:31]} 27. axb5
{[%clk 0:41:11]} axb5 {[%clk 1:13:54]} 28. Ra1 {[%clk 0:39:42]} b4
{[%clk 1:13:21]} 29. Ra7 {[%clk 0:39:18]} Rd8 {[%clk 1:13:17]} 30. Na4
{[%clk 0:33:08]} Kf8 {[%clk 1:00:53]} 31. Nb6 {[%clk 0:32:49]} Bf5
{[%clk 1:00:58]} 32. g4 {[%clk 0:32:18]} hxg4 {[%clk 1:01:20]} 33. hxg4
{[%clk 0:32:40]} Bg6 {[%clk 1:01:23]} 34. Nd7+ {[%clk 0:32:16]} Kg8
{[%clk 1:01:28]} 35. f7+ {[%clk 0:31:47]} Bxf7 {[%clk 1:01:37]} 36. Nxe5
{[%clk 0:31:48]} Bxd5 {[%clk 1:01:53]} 37. Nd7 {[%clk 0:31:08]} Kg7
{[%clk 1:01:33]} 38. Nf6+ {[%clk 0:31:00]} Bf7 {[%clk 1:01:58]} 39. Nh5+
{[%clk 0:31:26]} Kg6 {[%clk 1:02:21]} 40. Raxf7 {[%clk 0:31:15]} Kg5
{[%clk 1:02:36]} 41. Rg7+ {[%clk 0:31:26]} Kh4 {[%clk 1:02:55]} 42. g3#
{[%clk 0:31:17]} 1-0

[Event "H14"]
[Site "Kouty nad Desnou"]
[Date "2018.03.18"]
[Round "9.9"]
[White "Nytra, Ondrej"]
[Black "Vantuch, Lucian"]
[Result "1/2-1/2"]
[BlackElo "1973"]
[WhiteElo "1901"]
[LiveChessVersion "1.4.8"]

1. e4 {[%clk 1:30:58]} c5 {[%clk 1:30:57]} 2. Nf3 {[%clk 1:31:25]} e6
{[%clk 1:31:22]} 3. d4 {[%clk 1:31:39]} cxd4 {[%clk 1:31:49]} 4. Nxd4
{[%clk 1:32:04]} a6 {[%clk 1:32:17]} 5. Nc3 {[%clk 1:32:08]} Qc7 {[%clk 1:32:39]}
6. Be2 {[%clk 1:26:47]} Nf6 {[%clk 1:29:44]} 7. a3 {[%clk 1:25:36]} Be7
{[%clk 1:28:25]} 8. O-O {[%clk 1:24:54]} d6 {[%clk 1:28:01]} 9. Kh1
{[%clk 1:22:55]} Nbd7 {[%clk 1:25:11]} 10. f4 {[%clk 1:21:26]} b6
{[%clk 1:24:42]} 11. Qe1 {[%clk 1:19:53]} Bb7 {[%clk 1:23:35]} 12. Bf3
{[%clk 1:19:14]} e5 {[%clk 1:09:01]} 13. fxe5 {[%clk 1:16:06]} dxe5
{[%clk 1:09:04]} 14. Nf5 {[%clk 1:15:29]} Bf8 {[%clk 1:05:36]} 15. Bg5
{[%clk 1:12:36]} h6 {[%clk 0:59:20]} 16. Bxf6 {[%clk 1:10:47]} Nxf6
{[%clk 0:59:38]} 17. Nd5 {[%clk 1:10:23]} Nxd5 {[%clk 0:51:06]} 18. exd5
{[%clk 1:10:47]} O-O-O {[%clk 0:51:21]} 19. c4 {[%clk 1:06:57]} g6
{[%clk 0:50:13]} 20. Ne3 {[%clk 1:06:24]} f5 {[%clk 0:45:14]} 21. b4
{[%clk 1:04:11]} e4 {[%clk 0:43:53]} 22. Be2 {[%clk 1:01:38]} Kb8
{[%clk 0:42:50]} 23. Rb1 {[%clk 1:00:03]} f4 {[%clk 0:38:38]} 24. Nd1
{[%clk 0:54:23]} Bg7 {[%clk 0:32:30]} 25. c5 {[%clk 0:51:40]} Rxd5
{[%clk 0:29:54]} 26. cxb6 {[%clk 0:50:58]} Qxb6 {[%clk 0:27:32]} 27. Rxf4
{[%clk 0:50:46]} Re8 {[%clk 0:19:02]} 28. Nc3 {[%clk 0:49:47]} Bxc3
{[%clk 0:18:02]} 29. Qxc3 {[%clk 0:50:11]} Rc8 {[%clk 0:18:16]} 30. Qg3
{[%clk 0:49:05]} Qd6 {[%clk 0:16:04]} 31. Rxe4 {[%clk 0:42:39]} Qxg3
{[%clk 0:15:30]} 32. hxg3 {[%clk 0:42:29]} Rd2 {[%clk 0:15:20]} 33. Re6
{[%clk 0:41:51]} Rcc2 {[%clk 0:15:10]} 34. Re1 {[%clk 0:38:26]} Kc8
{[%clk 0:15:20]} 35. Kg1 {[%clk 0:36:40]} Kd7 {[%clk 0:15:28]} 36. Re3
{[%clk 0:36:28]} Kd6 {[%clk 0:13:25]} 37. Kf1 {[%clk 0:36:20]} Bd5
{[%clk 0:13:28]} 38. Re8 {[%clk 0:34:59]} Kc7 1/2-1/2